| 000 | nam a22 7a 4500 | ||
|---|---|---|---|
| 999 |
_c18827 _d18827 |
||
| 008 | 170114b xxu||||| |||| 00| 0 eng d | ||
| 050 | _aPR 2837 .A2K56 1968 | ||
| 100 |
_aKing, Walter N. _d1968. |
||
| 245 |
_aTwentieth century interpretations of : _bTwelfth night/ _cWalter N. King |
||
| 260 |
_aNew Jersey: _bPrentice-hall _c1968. |
||
| 300 |
_a114p.: _bill.; _c21cm. |
||
| 521 | _aIncludes bibliography. | ||
| 942 |
_2lcc _cBOOKS _hPR 2837 .A2K56 1968 |
||